Statistics for Meghan Markle Filmography

Click here to take the quiz!

General Stats

  • This quiz has been taken 5 times
  • The average score is 2 of 32

Answer Stats

TypeYearName% Correct
TV Show2011-2018Suits
100%
Documentary2020Elephant
20%
TV Film2016Dater's Handbook
20%
Film2011Horrible Bosses
20%
TV Show200890210
20%
TV Show2009The League
0%
Film2015Anti-Social
0%
TV Film2014When Sparks Fly
0%
Film2013Random Encounters
0%
Film2012Dysfunctional Friends
0%
TV Show2012Castle
0%
Short Film2010The Candidate
0%
Film2010Get Him to the Greek
0%
Film2010Remember Me
0%
TV Film2010The Boys & Girls Guide to Getting Down
0%
TV Show2010CSI: Miami
0%
TV Show2002General Hospital
0%
TV Show2004Century City
0%
TV Show2009Without a Trace
0%
TV Show2009Knight Rider
0%
TV Film2008The Apostles
0%
TV Show2008'Til Death
0%
TV Film2008Good Behavior
0%
TV Show2006Deal or No Deal
0%
TV Film2006Deceit
0%
TV Show2006CSI: NY
0%
TV Show2006The War at Home
0%
TV Show20061 vs. 100
0%
Film2005A Lot like Love
0%
TV Show2005Love, Inc.
0%
TV Show2005Cuts
0%
TV Show2009Fringe
0%

Score Distribution

Percentile by Number Answered

Percent of People with Each Score

Your Score History

You have not taken this quiz